000 00627nam a2200205 i 4500
001 149835
003 ES-MaACL
005 20230906203258.0
007 t|
008 071024s1959 sp ||||1| spa d
100 1 _aVan der Meersch, Maxence.
_9113032
245 1 0 _aCuando enmudecen las sirenas /
_cpor Maxence Van der Meersch ; [versión castellana de Rosa S. de Naveira].
260 _aBarcelona :
_bG.P.,
_c[1959]
300 _a192 p. ;
_c18 cm.
490 1 _aLibros Plaza
700 1 _aNaveira, Rosa S. de.
_985223
830 0 _aLibros Plaza
_9181449
852 _aES-MaACL
_jC-17083
_bR.43974
999 _c149835
_d149835